Wird geladen...

Kathakal

Bibliographische Detailangaben
1. Verfasser: Indu Menon
Format: Printed Book
Veröffentlicht: Kottayam D C Books 2010
Schlagworte:
LEADER 00794nam a22002051a 4500
020 |a 9788126428694  |c 0.00 
040 |a SSUS - Library - Kalady 
082 |a M301  |b IND/K 
100 |a Indu Menon 
245 |a Kathakal  |h [Text] 
260 |a Kottayam  |b D C Books   |c 2010 
300 |a 240p. 
600 |a Literature 
600 |a Literature Malayalam 
600 |a Stories Malayalam  
852 |h M301  |i IND/K  |p 061944  |9 140.00  |t 0 
942 |c BK 
999 |c 23232  |d 23232 
952 |0 0  |1 0  |4 0  |6 M_301_000000000000000_IND_K  |7 0  |9 32977  |a SSUS  |b SSUS  |c STACKS  |d 2015-01-08  |g 140.00  |l 13  |o M301 IND/K  |p 061944  |r 2020-06-16  |s 2020-06-12  |v 0.00  |w 2015-01-08  |y BK 
952 |0 0  |1 0  |2 ddc  |4 0  |6 M_301_000000000000000_IND_K  |7 0  |9 32978  |a SSUS  |b SSUS  |c STACKS  |d 2015-05-29  |g 180.00  |l 20  |o M301 IND/K  |p 075918  |r 2019-07-18  |s 2019-07-09  |w 2015-05-29  |y BK